Carregant...

Table of laser lines in gases and vapors

Dades bibliogràfiques
Autors principals: Beck, R, Englisch, W, Gurs, K
Format: Printed Book
Publicat: New York, Springer Verlag 1978
Edició:Ed.2
Col·lecció:Springer series in optical sciences
Matèries:
LEADER 005840000a22002050004500
020 |a 0-387-08603-X 
041 |a en 
082 |a 535.58 L8 
100 |a Beck, R 
100 |a Englisch, W 
100 |a Gurs, K 
245 |a Table of laser lines in gases and vapors 
250 |a Ed.2 
260 |a New York, Springer Verlag 
260 |c 1978 
490 |a Springer series in optical sciences  |c 2 
650 |a Laser Lines 
942 |c BK 
999 |c 151621  |d 151617 
952 |0 0  |1 0  |4 0  |6 535_580000000000000_L8  |7 0  |9 150441  |a SCK  |b SCK  |d 2017-10-23  |l 0  |o 535.58 L8  |p SCK01090  |r 2017-10-23  |w 2017-10-23  |y BK